Statistics for Countries Of The World In 1940

Click here to take the quiz!

General Stats

  • This quiz has been taken 88 times
    (60 since last reset)
  • The average score is 51 of 56

Answer Stats

Capital Country % Correct
RomeItaly
100%
MoscowSoviet Union
100%
Panama CityPanama
98%
LondonUnited Kingdom
98%
LisbonPortugal
98%
MadridSpain
98%
TokyoJapan
98%
BerlinGermany
98%
AthensGreece
98%
Vatican CityVatican City
98%
SofiaBulgaria
96%
Buenos AiresArgentina
96%
Rio de JaneiroBrazil
96%
BudapestHungary
96%
Washington, D.C.United States
96%
HavanaCuba
96%
StockholmSweden
94%
San MarinoSan Marino
94%
CanberraAustralia
94%
SantiagoChile
94%
LimaPeru
94%
BernSwitzerland
92%
BogotáColombia
92%
Guatemala CityGuatemala
92%
DublinIreland
92%
San SalvadorEl Salvador
92%
CaracasVenezuela
92%
Andorra la VellaAndorra
92%
Mexico CityMexico
92%
MonacoMonaco
92%
OttawaCanada
92%
HelsinkiFinland
92%
BangkokThailand
90%
BucharestRomania
90%
MontevideoUruguay
90%
KabulAfghanistan
90%
BelgradeYugoslavia
90%
AsunciónParaguay
90%
TehranIran
90%
WellingtonNew Zealand
90%
Port-au-PrinceHaiti
88%
ManilaPhilippine Commonwealth
88%
AnkaraTurkey
87%
TegucigalpaHonduras
87%
PretoriaSouth Africa
85%
KathmanduNepal
85%
SucreBolivia
85%
Ulan BatorMongolia
83%
ManaguaNicaragua
83%
QuitoEcuador
83%
San JoséCosta Rica
83%
VaduzLiechtenstein
83%
MonroviaLiberia
81%
Santo DomingoDominican Republic
81%
Sana'aYemen
71%
ChunkingNationalist China
42%

Score Distribution

Percentile by Number Answered

Percent of People with Each Score

Your Score History

You have not taken this quiz since the last reset